书目信息 |
| 题名: |
读书
|
|
| 作者: | ;读书编辑部 编辑 | |
| 分册: | 下 | |
| 出版信息: | 北京 生活·读书·新知三联书店 2016 |
|
| 页数: | 1册 | |
| 开本: | 21cm | |
| 丛书名: | ||
| 单 册: | ||
| 中图分类: | Z427.6 | |
| 科图分类: | ||
| 主题词: | 社会科学--she hui ke xue--文集 , 自然科学--zi ran ke xue--文集 | |
| 电子资源: | ||
| ISBN: | 978-7-108-05706-8 | |
| 000 | 00887nam0 22002531 450 | |
| 001 | 1730360767 | |
| 005 | 20170527093213.64 | |
| 010 | @a978-7-108-05706-8@b精装@dCNY64.00 (全2册128.00) | |
| 100 | @a20160805d2016 em y0chiy50 ea | |
| 101 | 0 | @achi |
| 102 | @aCN@b110000 | |
| 105 | @aa z 000yy | |
| 106 | @ar | |
| 200 | 1 | @a读书@Adu shu@h下@h2015@f《读书》编辑部编 |
| 210 | @a北京@c生活·读书·新知三联书店@d2016 | |
| 215 | @a1册@c图@d21cm | |
| 314 | @a版权页题:《读书》编辑部编辑 | |
| 330 | @a本书分为短长书、品书录、读书短札等栏目,收录了《想象民族的方法》《自由主义思想家的帝国时刻》《民主之后的宪法国》《在恐惧与热爱之间》等文章。 | |
| 606 | 0 | @a社会科学@Ashe hui ke xue@j文集 |
| 606 | 0 | @a自然科学@Azi ran ke xue@j文集 |
| 690 | @aZ427.6@v5 | |
| 711 | 02 | @a读书编辑部@Adu shu bian ji bu@4编辑 |
| 801 | 0 | @aCN@bTANG WEI@c20170524 |
| 905 | @b0970081-82@dZ427.6@e67:2@f2 | |
| 读书.下.2015/《读书》编辑部编.-北京:生活·读书·新知三联书店,2016 |
| 1册:图;21cm |
| ISBN 978-7-108-05706-8(精装):CNY64.00 (全2册128.00) |
| 本书分为短长书、品书录、读书短札等栏目,收录了《想象民族的方法》《自由主义思想家的帝国时刻》《民主之后的宪法国》《在恐惧与热爱之间》等文章。 |
| ● |
| 相关链接 |
|
|
|
|
正题名:读书
索取号:Z427.6/67:2
 
预约/预借
| 序号 | 登录号 | 条形码 | 馆藏地/架位号 | 状态 | 备注 |
| 1 | 0970081 | 209700812 | 第二样本阅览室/ [索取号:Z427.6/67:2] | 在馆 | |
| 2 | 0970082 | 209700821 | 第三借阅区/ [索取号:Z427.6/67:2] | 在馆 |